| 000 | 00726nam a2200217Ia 4500 | ||
|---|---|---|---|
| 003 | GCL | ||
| 008 | 140319s9999 xx 000 0 ara d | ||
| 040 |
_aGCL / _cGCL |
||
| 082 | 0 | 4 |
_a843.03 _bم ص |
| 100 | 1 | _aفتحى العشرى | |
| 245 | 1 | 0 |
_aصحراء الحب : _bDESERT DE'AMOUR / _cفتحى العشرى |
| 700 | 1 | _aمورياك، فرنسوا | |
| 250 | _aالثانية | ||
| 260 |
_aالقاهرة : _bالدار المصرية اللبنانية ، _c2002 |
||
| 300 |
_a245 ص ؛ _c24 سم |
||
| 490 |
_aروايات جائزة نوبل _v4 |
||
| 650 | 0 | 4 | _aالادب الفرنسى |
| 650 | 0 | 4 | _aالقصص الفرنسية |
| 650 | 0 | 4 | _aالقصص الفرنسية المترجمة |
| 942 |
_2ddc _cBK |
||
| 999 |
_c41308 _d41308 |
||